[Event "TUR-chT 1st League"]
[Site "Konya"]
[Date "2019.07.23"]
[Round "3.1"]
[White "Acikgoz, Kagan Kerem"]
[Black "Koksal, Ege"]
[Result "0-1"]
[WhiteElo "1814"]
[BlackElo "2368"]
[PlyCount "124"]
[EventDate "2019.07.22"]
[EventType "team-swiss"]
[EventRounds "9"]
[EventCountry "TUR"]
[SourceTitle "CBM 191 Extra"]
[Source "ChessBase"]
[SourceDate "2019.09.30"]
[SourceVersion "1"]
[SourceVersionDate "2019.09.30"]
[SourceQuality "1"]
[WhiteTeam "Burhaniye"]
[BlackTeam "Bayegan Pendik"]
[WhiteTeamCountry "TUR"]
[BlackTeamCountry "TUR"]

1. e4 e5 2. Nf3 Nc6 3. Bb5 a6 4. Bxc6 dxc6 5. Nc3 Bg4 6. h3 Bxf3 7. Qxf3 Qf6 8. Qg3 Ne7 9. 0-0 Ng6 10. d3 Bd6 11. Ne2 0-0 12. Qg4 Qe7 13. Ng3 Qh4 14. Qxh4 Nxh4 15. Bg5 Ng6 16. Nf5 f6 17. Be3 c5 18. g4 Rfd8 19. h4 Nf8 20. g5 fxg5 21. Bxg5 Rd7 22. Be3 Ne6 23. Nxd6 cxd6 24. f4 exf4 25. Bxf4 d5 26. exd5 Rxd5 27. Rae1 Nd4 28. Rf2 Rf8 29. Re4 Rh5 30. c3 Nc6 31. Be3 Rd8 32. d4 cxd4 33. Bxd4 Nxd4 34. cxd4 Rhd5 35. Rd2 Rf5 36. Rf2 Rdf8 37. Rxf5 Rxf5 38. Kg2 Kf7 39. Kg3 Rf1 40. Re2 Rd1 41. Rc2 Rd3+ 42. Kg2 b5 43. Rc7+ Kg6 44. Rc6+ Kh5 45. Rxa6 Rxd4 46. Ra7 Rg4+ 47. Kf3 Kxh4 48. Rb7 Rg5 49. b3 h5 50. a4 bxa4 51. bxa4 Rf5+ 52. Ke4 g6 53. Rb6 Rg5 54. a5 Rg4+ 55. Kf3 g5 56. Rb1 Rf4+ 57. Ke3 Ra4 58. Rh1+ Kg4 59. Rg1+ Kf5 60. Rf1+ Kg6 61. Rf8 Rxa5 62. Kf3 Rf5+ 0-1

[Event "Izmir op 17th"]
[Site "Izmir"]
[Date "2018.09.11"]
[Round "5"]
[White "Acikgoz, Kagan Kerem"]
[Black "Bilyap, Enis"]
[Result "1-0"]
[WhiteElo "1751"]
[BlackElo "1983"]
[PlyCount "99"]
[EventDate "2018.09.09"]
[EventType "swiss"]
[EventRounds "9"]
[EventCountry "TUR"]
[SourceTitle "CBM 186 Extra"]
[Source "ChessBase"]
[SourceDate "2018.08.24"]
[SourceVersion "1"]
[SourceVersionDate "2018.08.24"]
[SourceQuality "1"]

1. e4 d5 2. exd5 Nf6 3. d4 Bg4 4. Be2 Bxe2 5. Nxe2 Qxd5 6. 0-0 e6 7. b3 Bd6 8. c4 Qh5 9. Bf4 Bxf4 10. Nxf4 Qf5 11. Ne2 c6 12. Nbc3 0-0 13. Qb1 Qxb1 14. Raxb1 Na6 15. Rfd1 Nc7 16. a4 b5 17. axb5 cxb5 18. Nxb5 Nxb5 19. cxb5 Nd5 20. Rdc1 Rfb8 21. Rc5 Kf8 22. Rbc1 a6 23. bxa6 Rxa6 24. Rc8+ Rxc8 25. Rxc8+ Ke7 26. Kf1 Ra2 27. Nc3 Nxc3 28. Rxc3 Kd6 29. Rc8 Rd2 30. Rg8 g6 31. Rg7 Ke7 32. Rxh7 Rxd4 33. Rh3 Rd2 34. Rc3 e5 35. g3 Rb2 36. Kg2 e4 37. g4 f5 38. Kg3 Ke6 39. Rc6+ Ke5 40. f4+ Kd4 41. Rd6+ Kc5 42. Rxg6 Rxb3+ 43. Kf2 fxg4 44. Rxg4 Kd4 45. Rg8 Rb2+ 46. Kg3 Rb1 47. Rd8+ Ke3 48. f5 Rg1+ 49. Kh3 Kf4 50. f6 1-0

[Event "Novi Sad-Turkey GpB"]
[Site "Novi Sad"]
[Date "2018.08.09"]
[Round "3"]
[White "Pantic, Miroslav"]
[Black "Acikgoz, Kagan Kerem"]
[Result "0-1"]
[WhiteElo "2035"]
[BlackElo "1596"]
[PlyCount "126"]
[EventDate "2018.08.07"]
[EventType "schev"]
[EventRounds "10"]
[EventCountry "SRB"]
[SourceTitle "CBM 186 Extra"]
[Source "ChessBase"]
[SourceDate "2018.08.24"]
[SourceVersion "1"]
[SourceVersionDate "2018.08.24"]
[SourceQuality "1"]

1. e4 c5 2. Nf3 Nc6 3. d4 cxd4 4. Nxd4 g6 5. Nc3 Bg7 6. Be3 Nf6 7. Nxc6 bxc6 8. e5 Ng8 9. Bd4 Nh6 10. e6 Bxd4 11. exf7+ Nxf7 12. Qxd4 0-0 13. Bd3 Qb6 14. Ne2 e5 15. Qxb6 axb6 16. 0-0 d5 17. f3 Nd6 18. Nc3 Bb7 19. Rfe1 Rfe8 20. a4 c5 21. Nb5 Nxb5 22. Bxb5 Re7 23. Rad1 d4 24. Bc4+ Kg7 25. b3 Bc6 26. Rd2 Rae8 27. Rde2 e4 28. fxe4 Rxe4 29. Rxe4 Rxe4 30. Rf1 Re7 31. Bd3 Bd5 32. Rf4 Re3 33. Kf2 Bxb3 34. cxb3 Rxd3 35. b4 Rd2+ 36. Kf1 cxb4 37. Ke1 Rxg2 38. h4 Ra2 39. Rxd4 b3 40. Kd1 Kf6 41. Rb4 Ra1+ 42. Kd2 b2 43. Rxb6+ Kf5 44. Rb5+ Kg4 45. Rxb2 Rxa4 46. Rb7 h5 47. Rb6 Kf5 48. Rb5+ Kf6 49. Rb6+ Kg7 50. Ke3 Rxh4 51. Kf3 Rg4 52. Ra6 Kh6 53. Ra5 Rg5 54. Ra8 Rf5+ 55. Kg3 Kg5 56. Rh8 h4+ 57. Kg2 Kg4 58. Rh6 h3+ 59. Kg1 g5 60. Ra6 Kg3 61. Ra3+ Rf3 62. Ra1 h2+ 63. Kh1 Kh3 0-1

[Event "TUR-chT 2nd League"]
[Site "Konya"]
[Date "2017.07.18"]
[Round "2.8"]
[White "Acikgoz, Kagan Kerem"]
[Black "Aslan, Huseyin"]
[Result "1/2-1/2"]
[WhiteElo "1571"]
[BlackElo "1654"]
[PlyCount "55"]
[EventDate "2017.07.17"]
[EventType "team-swiss"]
[EventRounds "9"]
[EventCountry "TUR"]
[SourceTitle "CBM 179 Extra"]
[Source "ChessBase"]
[SourceDate "2017.08.23"]
[SourceVersion "1"]
[SourceVersionDate "2017.08.23"]
[SourceQuality "1"]
[WhiteTeam "Izmir Cesme Belediye"]
[BlackTeam "Gaziantep Sader"]
[WhiteTeamCountry "TUR"]
[BlackTeamCountry "TUR"]

1. e4 c5 2. Nf3 Nc6 3. Bb5 d6 4. Bxc6+ bxc6 5. d4 cxd4 6. Qxd4 Qb6 7. c4 Ba6 8. b3 Nf6 9. Nc3 g6 10. Bb2 Bg7 11. 0-0-0 0-0 12. Qd2 Ng4 13. Rhf1 Bh6 14. Ng5 f6 15. h3 Bxg5 16. f4 Ne3 17. fxg5 Nxf1 18. Rxf1 fxg5 19. Rxf8+ Rxf8 20. Qxg5 Qg1+ 21. Nd1 Rf1 22. Kc2 Rxd1 23. Qxe7 Qxg2+ 24. Kxd1 Qxb2 25. Qe8+ Kg7 26. Qe7+ Kh6 27. Qh4+ Kg7 28. Qe7+ 1/2-1/2

[Event "TUR-chT 2nd League"]
[Site "Konya"]
[Date "2017.07.17"]
[Round "1.16"]
[White "Yavuz, Sevki Batuhan"]
[Black "Acikgoz, Kagan Kerem"]
[Result "0-1"]
[WhiteElo "1554"]
[BlackElo "1571"]
[PlyCount "46"]
[EventDate "2017.07.17"]
[EventType "team-swiss"]
[EventRounds "9"]
[EventCountry "TUR"]
[SourceTitle "CBM 179 Extra"]
[Source "ChessBase"]
[SourceDate "2017.08.23"]
[SourceVersion "1"]
[SourceVersionDate "2017.08.23"]
[SourceQuality "1"]
[WhiteTeam "Bolu Koroglu"]
[BlackTeam "Izmir Cesme Belediye"]
[WhiteTeamCountry "TUR"]
[BlackTeamCountry "TUR"]

1. d4 d5 2. Nf3 Nf6 3. Bf4 c5 4. e3 Nc6 5. c3 e6 6. Bd3 Be7 7. Nbd2 0-0 8. h3 b6 9. 0-0 Bb7 10. Ne5 Nxe5 11. Bxe5 Bd6 12. Bxd6 Qxd6 13. f4 cxd4 14. exd4 Ne4 15. Nxe4 dxe4 16. Bc2 f5 17. Qd2 Kh8 18. g4 g5 19. Qe3 h6 20. Rf2 fxg4 21. fxg5 hxg5 22. Rxf8+ Rxf8 23. Bxe4 Qf4 0-1